000 01148nam0a2200301 4500
001 RU\NLR\bibl\1221170
005 20250615111406.0
010 _a978-5-699-25858-1
_94000
021 _aRU
_b2008-17256
_9942
035 _a(NLR Aleph) 001207522
090 _a57116
_c57116
100 _a20080428d2008 |||y0rusy50 ca
101 0 _arus
102 _aRU
105 _ay |||||||||
200 1 _aБулимия. Еда или жизнь
_eпервое практическое руководство по избавлению от пищевой зависимости
_fИрина Кульчинская
210 _aМосква
_cЭксмо
_d2008
215 _a252, [3] с.
_d20
300 _aНа обороте тит.л. авт.: психолог и психотерапевт И. Кульчинская
517 0 _aЕда или жизнь
606 1 _aБулимия
_xТерапия
_91208820
_3RU\NLR\auth\66171932
686 _aР341.43
700 1 _aКульчинская
_bИ. В.
_gИрина В.
_4070
801 0 _aRU
_bNLR
_c20080428
_gRCR
801 1 _aRU
_bNLR
_c20080428
942 _cBOOK
980 _aNB